<?xml version="1.0" encoding="UTF-8"?>
<record
    xmlns:xsi="http://www.w3.org/2001/XMLSchema-instance"
    xsi:schemaLocation="http://www.loc.gov/MARC21/slim http://www.loc.gov/standards/marcxml/schema/MARC21slim.xsd"
    xmlns="http://www.loc.gov/MARC21/slim">

  <leader>01459nas a22003257a 4500</leader>
  <datafield tag="999" ind1=" " ind2=" ">
    <subfield code="c">6572</subfield>
    <subfield code="d">6572</subfield>
  </datafield>
  <controlfield tag="003">OSt</controlfield>
  <controlfield tag="005">20181023125549.0</controlfield>
  <controlfield tag="008">130705c1996    sp f|||| |||| 00| 0 cat d</controlfield>
  <datafield tag="022" ind1=" " ind2=" ">
    <subfield code="a">1138-3305</subfield>
  </datafield>
  <datafield tag="040" ind1=" " ind2=" ">
    <subfield code="c">CDMR</subfield>
    <subfield code="b">cat</subfield>
  </datafield>
  <datafield tag="245" ind1="0" ind2="0">
    <subfield code="a">Tr&#xED;podos</subfield>
    <subfield code="b">: llenguatge, pensament, comunicaci&#xF3;</subfield>
    <subfield code="c">Universitat Ramon Llull, Facultat de Ci&#xE8;ncies de la Comunicaci&#xF3;</subfield>
  </datafield>
  <datafield tag="247" ind1=" " ind2="0">
    <subfield code="a">Tr&#xED;pode</subfield>
  </datafield>
  <datafield tag="260" ind1=" " ind2=" ">
    <subfield code="a">Barcelona</subfield>
    <subfield code="b">Universitat Ramon Llull. Facultat de Ci&#xE8;ncies de la Comunicaci&#xF3;</subfield>
    <subfield code="c">1996-</subfield>
  </datafield>
  <datafield tag="300" ind1=" " ind2=" ">
    <subfield code="c">23 cm.</subfield>
  </datafield>
  <datafield tag="310" ind1=" " ind2=" ">
    <subfield code="a">Semestral</subfield>
  </datafield>
  <datafield tag="362" ind1=" " ind2=" ">
    <subfield code="a">N&#xFA;m. 1 (mar&#xE7; 1996) - </subfield>
  </datafield>
  <datafield tag="500" ind1=" " ind2=" ">
    <subfield code="a">A partir del n&#xFA;m. 2 (nov. 1996) el nom de la publicaci&#xF3; canvia de Tr&#xED;pode a Tr&#xED;podos</subfield>
  </datafield>
  <datafield tag="502" ind1=" " ind2=" ">
    <subfield code="c"> Tend&#xE8;ncies en documentaci&#xF3; en els mitjans de comunicaci&#xF3;</subfield>
  </datafield>
  <datafield tag="521" ind1=" " ind2=" ">
    <subfield code="a">Tend&#xE8;ncies en documentaci&#xF3; en els mitjans de comunicaci&#xF3;</subfield>
  </datafield>
  <datafield tag="650" ind1="0" ind2="4">
    <subfield code="9">3919</subfield>
    <subfield code="a">Periodisme</subfield>
    <subfield code="v">Revistes</subfield>
  </datafield>
  <datafield tag="650" ind1="0" ind2="4">
    <subfield code="9">1722</subfield>
    <subfield code="a">R&#xE0;dio</subfield>
    <subfield code="v">Revistes</subfield>
  </datafield>
  <datafield tag="650" ind1="0" ind2="4">
    <subfield code="9">875</subfield>
    <subfield code="a">Publicitat</subfield>
    <subfield code="v">Revistes</subfield>
  </datafield>
  <datafield tag="650" ind1="0" ind2="4">
    <subfield code="9">2775</subfield>
    <subfield code="a">Relacions p&#xFA;bliques</subfield>
    <subfield code="v">Revistes</subfield>
  </datafield>
  <datafield tag="650" ind1="0" ind2="4">
    <subfield code="9">597</subfield>
    <subfield code="a">Televisi&#xF3;</subfield>
    <subfield code="v">Revistes</subfield>
  </datafield>
  <datafield tag="710" ind1="2" ind2=" ">
    <subfield code="9">3392</subfield>
    <subfield code="a">Facultat de Ci&#xE8;ncies de la Comunicaci&#xF3; Blanquerna</subfield>
  </datafield>
  <datafield tag="856" ind1="4" ind2="0">
    <subfield code="u">http://www.tripodos.com/index.php/Facultat_Comunicacio_Blanquerna/issue/archive</subfield>
    <subfield code="y">Disponible en l&#xED;nia (Blanquerna)</subfield>
  </datafield>
  <datafield tag="856" ind1="4" ind2="0">
    <subfield code="u">http://www.raco.cat/index.php/Tripodos/issue/archive</subfield>
    <subfield code="y">(RACO)</subfield>
  </datafield>
  <datafield tag="856" ind1="4" ind2="0">
    <subfield code="u">http://dialnet.unirioja.es/servlet/revista?codigo=4330</subfield>
    <subfield code="y">Disponibles en l&#xED;nia (Dialnet, 2006-2017)</subfield>
  </datafield>
  <datafield tag="942" ind1=" " ind2=" ">
    <subfield code="2">udc</subfield>
    <subfield code="c">SER</subfield>
    <subfield code="s">1</subfield>
  </datafield>
  <datafield tag="952" ind1=" " ind2=" ">
    <subfield code="0">0</subfield>
    <subfield code="1">0</subfield>
    <subfield code="4">0</subfield>
    <subfield code="7">0</subfield>
    <subfield code="a">GIRONA</subfield>
    <subfield code="b">GIRONA</subfield>
    <subfield code="d">2010-12-03</subfield>
    <subfield code="h">Extra 2009</subfield>
    <subfield code="l">0</subfield>
    <subfield code="o">Bf 231</subfield>
    <subfield code="p">GIRONA13109146</subfield>
    <subfield code="r">2013-01-16</subfield>
    <subfield code="w">2013-01-16</subfield>
    <subfield code="y">SER</subfield>
    <subfield code="z"> Lli&#xE7;ons de Periodisme de Josep Maria Huertas Claveria</subfield>
  </datafield>
  <datafield tag="952" ind1=" " ind2=" ">
    <subfield code="0">0</subfield>
    <subfield code="1">0</subfield>
    <subfield code="4">0</subfield>
    <subfield code="7">0</subfield>
    <subfield code="a">CDMR</subfield>
    <subfield code="b">CDMR</subfield>
    <subfield code="d">2013-01-16</subfield>
    <subfield code="h">N&#xFA;m. 1 (mar&#xE7; 1996) - </subfield>
    <subfield code="l">0</subfield>
    <subfield code="p">CDMR13096947</subfield>
    <subfield code="r">2013-07-05</subfield>
    <subfield code="w">2013-07-05</subfield>
    <subfield code="y">SER</subfield>
  </datafield>
  <datafield tag="952" ind1=" " ind2=" ">
    <subfield code="0">0</subfield>
    <subfield code="1">0</subfield>
    <subfield code="4">0</subfield>
    <subfield code="7">0</subfield>
    <subfield code="a">CDMR</subfield>
    <subfield code="b">CDMR</subfield>
    <subfield code="d">2013-01-16</subfield>
    <subfield code="h">Extra 2006</subfield>
    <subfield code="l">0</subfield>
    <subfield code="p">CDMR13096948</subfield>
    <subfield code="r">2013-07-05</subfield>
    <subfield code="w">2013-07-05</subfield>
    <subfield code="y">SER</subfield>
    <subfield code="z">Revisem les teories de la creativitat: III simposium de professors universitaris de creativitat publicit&#xE0;ria</subfield>
  </datafield>
  <datafield tag="952" ind1=" " ind2=" ">
    <subfield code="0">0</subfield>
    <subfield code="1">0</subfield>
    <subfield code="4">0</subfield>
    <subfield code="7">0</subfield>
    <subfield code="a">CDMR</subfield>
    <subfield code="b">CDMR</subfield>
    <subfield code="d">2013-01-16</subfield>
    <subfield code="h">Extra 2007 (vol. 1)</subfield>
    <subfield code="l">0</subfield>
    <subfield code="p">CDMR13096949</subfield>
    <subfield code="r">2013-07-05</subfield>
    <subfield code="w">2013-07-05</subfield>
    <subfield code="y">SER</subfield>
    <subfield code="z">Les cru&#xEF;lles de la comunicaci&#xF3;: l&#xED;mits i transgressions [IV Congr&#xE9;s Internacional Comunicaci&#xF3; i Realitat]</subfield>
  </datafield>
  <datafield tag="952" ind1=" " ind2=" ">
    <subfield code="0">0</subfield>
    <subfield code="1">0</subfield>
    <subfield code="4">0</subfield>
    <subfield code="7">0</subfield>
    <subfield code="a">CDMR</subfield>
    <subfield code="b">CDMR</subfield>
    <subfield code="d">2013-01-16</subfield>
    <subfield code="h">Extra 2007 (vol. 2)</subfield>
    <subfield code="l">0</subfield>
    <subfield code="p">CDMR13096950</subfield>
    <subfield code="r">2013-07-05</subfield>
    <subfield code="w">2013-07-05</subfield>
    <subfield code="y">SER</subfield>
    <subfield code="z">Les cru&#xEF;lles de la comunicaci&#xF3;: l&#xED;mits i transgressions [IV Congr&#xE9;s Internacional Comunicaci&#xF3; i Realitat]</subfield>
  </datafield>
  <datafield tag="952" ind1=" " ind2=" ">
    <subfield code="0">0</subfield>
    <subfield code="1">0</subfield>
    <subfield code="4">0</subfield>
    <subfield code="7">0</subfield>
    <subfield code="a">CDMR</subfield>
    <subfield code="b">CDMR</subfield>
    <subfield code="d">2013-01-16</subfield>
    <subfield code="h">Extra 2008</subfield>
    <subfield code="l">0</subfield>
    <subfield code="p">CDMR13096951</subfield>
    <subfield code="r">2013-07-05</subfield>
    <subfield code="w">2013-07-05</subfield>
    <subfield code="y">SER</subfield>
    <subfield code="z">In memoriam Daniel E. Jones</subfield>
  </datafield>
  <datafield tag="952" ind1=" " ind2=" ">
    <subfield code="0">0</subfield>
    <subfield code="1">0</subfield>
    <subfield code="4">0</subfield>
    <subfield code="7">0</subfield>
    <subfield code="a">CDMR</subfield>
    <subfield code="b">CDMR</subfield>
    <subfield code="d">2013-07-05</subfield>
    <subfield code="h">Extra 2000</subfield>
    <subfield code="l">0</subfield>
    <subfield code="p">CDMR13096952</subfield>
    <subfield code="r">2013-07-05</subfield>
    <subfield code="w">2013-07-05</subfield>
    <subfield code="y">SER</subfield>
    <subfield code="z">Els impactes de les tecnologies de la informaci&#xF3; i de la comunicaci&#xF3; en les realitats socials [I Congr&#xE9;s Internacional Comunicaci&#xF3; i Realitat]</subfield>
  </datafield>
  <datafield tag="952" ind1=" " ind2=" ">
    <subfield code="0">0</subfield>
    <subfield code="1">0</subfield>
    <subfield code="4">0</subfield>
    <subfield code="7">0</subfield>
    <subfield code="a">CDMR</subfield>
    <subfield code="b">CDMR</subfield>
    <subfield code="d">2013-01-16</subfield>
    <subfield code="h">Extra 2003</subfield>
    <subfield code="l">0</subfield>
    <subfield code="p">CDMR13096953</subfield>
    <subfield code="r">2013-07-05</subfield>
    <subfield code="w">2013-07-05</subfield>
    <subfield code="y">SER</subfield>
    <subfield code="z">Viol&#xE8;ncia i mitjans de comunicaci&#xF3;: recursos i discursos [II Congr&#xE9;s Internacional Comunicaci&#xF3; i Realitat]</subfield>
  </datafield>
  <datafield tag="952" ind1=" " ind2=" ">
    <subfield code="0">0</subfield>
    <subfield code="1">0</subfield>
    <subfield code="4">0</subfield>
    <subfield code="7">0</subfield>
    <subfield code="a">CDMR</subfield>
    <subfield code="b">CDMR</subfield>
    <subfield code="d">2013-07-05</subfield>
    <subfield code="h">Extra 2004</subfield>
    <subfield code="l">0</subfield>
    <subfield code="p">CDMR13096954</subfield>
    <subfield code="r">2013-07-05</subfield>
    <subfield code="w">2013-07-05</subfield>
    <subfield code="y">SER</subfield>
    <subfield code="z">Els fets de mar&#xE7;: pol&#xED;tica i comunicaci&#xF3;</subfield>
  </datafield>
  <datafield tag="952" ind1=" " ind2=" ">
    <subfield code="0">0</subfield>
    <subfield code="1">0</subfield>
    <subfield code="4">0</subfield>
    <subfield code="7">0</subfield>
    <subfield code="a">CDMR</subfield>
    <subfield code="b">CDMR</subfield>
    <subfield code="d">2013-01-16</subfield>
    <subfield code="h">Extra 2005 [vol. 1]</subfield>
    <subfield code="l">0</subfield>
    <subfield code="p">CDMR13096955</subfield>
    <subfield code="r">2013-07-05</subfield>
    <subfield code="w">2013-07-05</subfield>
    <subfield code="y">SER</subfield>
    <subfield code="z">La utopia digital en els mitjans de comunicaci&#xF3;: dels discursos als fets. Un balan&#xE7; [III Congr&#xE9;s Internacional Comunicaci&#xF3; i Realitat]</subfield>
  </datafield>
  <datafield tag="952" ind1=" " ind2=" ">
    <subfield code="0">0</subfield>
    <subfield code="1">0</subfield>
    <subfield code="4">0</subfield>
    <subfield code="7">0</subfield>
    <subfield code="a">CDMR</subfield>
    <subfield code="b">CDMR</subfield>
    <subfield code="d">2013-01-16</subfield>
    <subfield code="h">Extra 2005 [vol. 2]</subfield>
    <subfield code="l">0</subfield>
    <subfield code="p">CDMR13096956</subfield>
    <subfield code="r">2013-07-05</subfield>
    <subfield code="w">2013-07-05</subfield>
    <subfield code="y">SER</subfield>
    <subfield code="z">La utopia digital en els mitjans de comunicaci&#xF3;: dels discursos als fets. Un balan&#xE7; [III Congr&#xE9;s Internacional Comunicaci&#xF3; i Realitat]</subfield>
  </datafield>
  <datafield tag="952" ind1=" " ind2=" ">
    <subfield code="0">0</subfield>
    <subfield code="1">0</subfield>
    <subfield code="4">0</subfield>
    <subfield code="7">0</subfield>
    <subfield code="a">CDMR</subfield>
    <subfield code="b">CDMR</subfield>
    <subfield code="d">2013-10-22</subfield>
    <subfield code="l">0</subfield>
    <subfield code="p">CDMR13108638</subfield>
    <subfield code="r">2013-10-22</subfield>
    <subfield code="w">2013-10-22</subfield>
    <subfield code="y">SER</subfield>
    <subfield code="z">Tend&#xE8;ncies en documentaci&#xF3; en els mitjans de comunicaci&#xF3;</subfield>
  </datafield>
</record>
